Science Quiz

Random Science Quiz

Atomic Mass Quiz Stats

 Plays Quiz not verified by Sporcle

Challenge
Share
Tweet
Embed
Score 0/30 Timer 10:00
0 Plays Today
Hint Answer % Correct
C12.01
66.7%
Li6.94
55.6%
N14.01
55.6%
O16.00
55.6%
S32.06
55.6%
Cl35.45
55.6%
K39.10
55.6%
Cu63.55
55.6%
Be9.01
44.4%
Na22.99
44.4%
Mg 24.31
44.4%
Al26.98
44.4%
Br79.90
44.4%
Ag107.87
44.4%
H1.00794
33.3%
Hint Answer % Correct
F19.00
33.3%
P30.97
33.3%
Cr52.00
33.3%
Fe55.85
33.3%
I126.90
33.3%
Pb207.21
33.3%
B10.81
22.2%
Mn54.94
22.2%
Ba137.33
22.2%
Au196.97
22.2%
Hg200.59
22.2%
Sn118.71
11.1%
Si29.09
0%
Lv293
0%
Sg271.13
0%

You're not logged in!

Compare scores with friends on all Sporcle quizzes.
OR
Log In

You Might Also Like...

Show Comments

Extras

Created Dec 6, 2014ReportNominate
Tags:atomic, mass, nearest

Top Quizzes Today


Score Distribution

Your Account Isn't Verified!

In order to create a playlist on Sporcle, you need to verify the email address you used during registration. Go to your Sporcle Settings to finish the process.

Report this User

Report this user for behavior that violates our Community Guidelines.

Details: